Historyczne układy przestrzenne Oksywia
| Titel: | Historyczne układy przestrzenne Oksywia |
|---|---|
| Verfasser: | |
| In: |
Rocznik Gdyński, Band 3 (1982), Seite 35-38 alle Artikel anzeigen |
| Veröffentlicht: | 1982 [1983] |
| Format: | Aufsatz |
| Sprache: | Polnisch |
X
alg: 39189728 001A $01999:11-11-16 001B $01999:26-04-21 $t20:12:47.000 001D $01999:11-11-16 001U $0utf8 001X $00 002@ $0Aox 003@ $0391897284 007A $0391897284 $aHEB 007T $0Herd22591 010@ $apol 011@ $a1982 $n1982 [1983] 021A $aHistoryczne układy przestrzenne Oksywia 027A $aDie historische Raumanlage von Oxhöft 028A $aSołtysik $dMaria J. 031A $d3 $h35-38 $j1982 039B $aIn $8--Abvc--. Rocznik Gdyński. - Gdynia, 1978-. - ISSN 0137-4044 $x198200000030000965 $9090559797 045F $a307.094382 $eDDC23BSB 045F/01 $a307.09 045F/03 $g4382 045F/03 $g43832 046C $aDie historische Raumanlage von Oxhöft $bÜbers. des Hauptsacht. lok: 39189728 78 exp: 39189728 78 1 #EPN 201B/01 $027-08-18 $t22:46:31.000 201U/01 $0utf8 203@/01 $0787992887 208@/01 $a11-11-16 $be 209A/01 $a/ $f000 $x00 220C/01 $aTitelaufnehmer: kl 244Z/01 $2Trx $#Prusy Wschodnie i Zachodnie $8--Trx--Ost- und Westpreußen $x01 $939113373X 244Z/01 $#Oksywie $#Gdingen-Oxhöft $#Oxhöft $71165531194 $8--Tg1--Gdynia-Oksywie $x02 $9435275801 244Z/01 $#Gdynia $#Gdingen $#Gotenhafen $#Gdingen Gdynia $72011183-6 $8--Tg1--Gdynia $x03 $9042666600 244Z/01 $2Trx $8--Trx--Zeitschriftenaufsatz $x04 $9391384341 245Z/01 $a13.03 $x01 245Z/01 $a09.02 $x02 247C/01 $82080>Marburg/Lahn, Herder-Institut, Forschungsbibliothek, Bibliographieportal $9336309341
| LEADER | 00000caa a22000002c 4500 | ||
|---|---|---|---|
| 001 | 391897284 | ||
| 003 | DE-603 | ||
| 005 | 20210426201247.0 | ||
| 007 | tu | ||
| 008 | 161111s1982 xx |||| | u00||u|pol c | ||
| 035 | |a (DE-599)HEB391897284 | ||
| 040 | |a DE-603 |b ger |c DE-603 |d DE-603 | ||
| 041 | |a pol | ||
| 082 | 0 | 4 | |8 1\u |a 307.094382 |q DE-101 |2 23/BSB |
| 085 | |8 1\u |b 307.09 | ||
| 085 | |8 1\u |z 2 |s 4382 | ||
| 085 | |8 1\u |z 2 |s 43832 | ||
| 100 | 1 | |a Sołtysik, Maria J. | |
| 245 | 0 | 0 | |a Historyczne układy przestrzenne Oksywia |
| 246 | 1 | |i Übers. des Hauptsacht. |a Die historische Raumanlage von Oxhöft | |
| 246 | 1 | 3 | |a Die historische Raumanlage von Oxhöft |
| 264 | 0 | |c 1982 [1983] | |
| 773 | 0 | 8 | |i In |t Rocznik Gdyński |d Gdynia, 1978- |x 0137-4044 |g Band 3 (1982), Seite 35-38 |w (DE-603)090559797 |w (DE-600)2008589-8 |
| 924 | 0 | |9 2080 |a (DE-603)787992887 |b DE-2080 |c HES |d d |g / | |


